Normal view
MARC view
- التصوف الاسلامي- تاريخ- زهد
Entry Topical Term
001 - CONTROL NUMBER
- control field: 36112
003 - CONTROL NUMBER IDENTIFIER
- control field: JO-AjAnu
005 - DATE AND TIME OF LATEST TRANSACTION
- control field: 20230606080031.0
008 - FIXED-LENGTH DATA ELEMENTS
- fixed length control field: 230606|| aca||aabn | a|a d
040 ## - CATALOGING SOURCE
- Original cataloging agency: JO-AjAnu
- Transcribing agency: JO-AjAnu
150 ## - HEADING--TOPICAL TERM
- Topical term or geographic name entry element: التصوف الاسلامي- تاريخ- زهد
670 ## - SOURCE DATA FOUND
- Source citation: Work cat.: (JO-AjAnu)18541: تقديم وتحقيق: الثامري، إحسان ذنون ، محمد عبد الله القدحات, author 36111, رسائل من التراث الصوفي في لبس الخرقة